Sidereus Nuncius Hviezdny posol

Bibliographic Details
Main Author: Galilei, Galileo, 1564-1642 (Author)
Other Authors: Caban, Martin (Translator)
Format: Book
Language:Slovak
Latin
PhysicalDescription:73 s. faks., ilustr. 21 cm
Published: [Bratislava] Martin Caban 2017
ISBN:9788097254827
Edition:1. vyd.
Subjects:

MARC

LEADER 00000nam a2200000 a 4500
001 vtls011613805
003 SK-MaSNL
005 20260301221343.0
008 240313s2017 xo ha g 000 0 slo
015 |a SNBA2017/03 
020 |a 9788097254827  |q (viaz.) 
035 |a urn:nbn:sk:snk-am00cx6w 
035 |a urn:nbn:sk:snk-am3hmiu 
035 |a 3ABBE1DA-CE82-4E8D-AC42-CDD54745DD3A 
040 |a SNK  |b slo  |c SNK  |e AACR2 
041 1 |a slo  |h lat 
043 |a e-it--- 
044 |a xo  |c SK 
072 7 |a 52  |x Astronómia. Geodézia  |2 konspekt 
080 |a 52  |2 2011 
080 |a (450)  |2 2011 
080 |a 52(091)  |2 2011 
080 |a 520.2  |2 2011 
080 |a 520.8  |2 2011 
080 |a 523  |2 2011 
080 |a 524.8  |2 2011 
080 |a (048.8)  |2 2011 
100 1 |a Galilei, Galileo,  |d 1564-1642  |4 aut  |9 151388 
240 1 0 |a Sidereus Nuncius  |l Slovensky 
245 1 0 |a Sidereus Nuncius Hviezdny posol  |c Galileo Galilei ; preložil Martin Caban 
250 |a 1. vyd. 
260 |a [Bratislava]  |b Martin Caban  |c 2017 
300 |a 73 s.  |b faks., ilustr.  |c 21 cm 
366 |e 50 výtlačkov 
500 |a Názov z obalu 
500 |a Pravdepodobne preložené z latinčiny 
500 |a Miesto vydania podľa ISBN 
600 1 7 |a Galilei, Galileo,  |d 1564-1642  |t Sidereus Nuncius  |2 SNKPH  |9 609625 
648 7 |a 16th-17th centuries  |2 SNKPHeng  |9 317344 
648 7 |a 16-17. stor.  |2 SNKPH  |9 609626 
650 0 7 |a astronómovia  |2 SNKPH  |9 54993 
650 0 7 |a Astronomers  |2 SNKPHeng  |9 288722 
650 0 7 |a dejiny astronómie  |2 SNKPH  |9 122577 
650 0 7 |a History of astronomy  |2 SNKPHeng  |9 312792 
650 0 7 |a astronomické ďalekohľady  |2 SNKPH  |9 2385 
650 0 7 |a Astronomical telescopes  |2 SNKPHeng  |9 299680 
650 0 7 |a astronomické pozorovania  |2 SNKPH  |9 2653 
650 0 7 |a Astronomical observations  |2 SNKPHeng  |9 274636 
650 0 7 |a Solar system  |2 SNKPHeng  |9 328273 
650 0 7 |a kozmológia  |2 SNKPH  |9 732 
650 0 7 |a Cosmology  |2 SNK  |2 SNKPHeng  |9 277449 
651 7 |a Taliansko  |2 SNKPH  |9 21019 
651 7 |a Italy  |2 SNKPHeng  |9 286419 
651 7 |a Slnečná sústava  |2 SNKPH  |9 1785 
655 7 |a monografie  |2 SNKPH  |9 70139 
655 7 |a Monographs  |2 SNKPHeng  |9 120675 
700 1 |a Caban, Martin  |4 trl  |9 434260 
919 |a 978-80-972548-2-7 
958 |a OP 
958 |a BC 
968 |b LAT 
999 |c 935546  |d 937476 
952 |a SNK  |b SNK  |y PREZ  |7 0  |p 17A1253987  |o snkSC 173365  |i snk2017/5280  |8 0  |0 0  |1 0  |4 0  |d 2017-02-24  |f 1  |l 0  |r 2025-09-11 00:00:00  |w 2026-02-24 
952 |a SNK  |b SNK  |y VYP  |7 0  |p 17A1253988  |o snkSC 173365 D1  |i snk2017/5281  |8 0  |0 0  |1 0  |4 0  |d 2017-02-24  |l 0  |r 2026-02-24 09:02:02  |w 2026-02-24